[Event "Espalion op 1st"]
[Site "Espalion"]
[Date "2016.07.16"]
[Round "9"]
[White "Verat Fayolle, Celian"]
[Black "Brochet, Thierry"]
[Result "1-0"]
[WhiteElo "1680"]
[BlackElo "1582"]
[PlyCount "65"]
[EventDate "2016.07.09"]
[EventType "swiss"]
[EventRounds "9"]
[EventCountry "FRA"]
[SourceTitle "CBM 173 Extra"]
[Source "ChessBase"]
[SourceDate "2016.08.29"]
[SourceVersion "1"]
[SourceVersionDate "2016.08.29"]
[SourceQuality "1"]

1. e4 c5 2. Nf3 a6 3. d4 cxd4 4. Nxd4 Nf6 5. Nc3 e5 6. Nf3 Bb4 7. Bd3 Bxc3+ 8. bxc3 d5 9. Qe2 dxe4 10. Bxe4 Nxe4 11. Qxe4 0-0 12. 0-0 Nc6 13. Ba3 Re8 14. Rfd1 Qf6 15. Rd6 Qf5 16. Qe2 Qh5 17. h3 e4 18. Nd4 Qxe2 19. Nxe2 Bf5 20. Nd4 Nxd4 21. cxd4 Rac8 22. Rc1 e3 23. fxe3 Rxc2 24. Rxc2 Bxc2 25. Rd7 Be4 26. d5 h6 27. Bb4 Rc8 28. d6 Rc1+ 29. Kh2 Rc2 30. Kg3 Bf5 31. Rd8+ Kh7 32. d7 Rc7 33. Rh8+ 1-0

[Event "Pic d'Anie op 3rd"]
[Site "Pic d'Anie"]
[Date "2006.08.09"]
[Round "3"]
[White "Tholey, Jean Paul"]
[Black "Brochet, Thierry"]
[Result "1-0"]
[WhiteElo "2038"]
[BlackElo "1798"]
[PlyCount "109"]
[EventDate "2006.08.07"]
[EventType "swiss"]
[EventRounds "7"]
[EventCountry "FRA"]
[SourceTitle "CBM 113 Extra"]
[Source "ChessBase"]
[SourceDate "2006.09.14"]
[SourceVersion "1"]
[SourceVersionDate "2006.09.14"]
[SourceQuality "1"]

1. d4 Nf6 2. c4 c5 3. Nf3 cxd4 4. Nxd4 g6 5. Nc3 Bg7 6. e3 d6 7. Be2 Nc6 8. 0-0 0-0 9. Nf3 b6 10. Qc2 Bb7 11. Rd1 Qc8 12. Bd2 Na5 13. b3 d5 14. cxd5 Nxd5 15. Rac1 Nxc3 16. Bxc3 Bxc3 17. Qxc3 Qe6 18. Nd4 Qf6 19. Nf3 Qf5 20. Qe5 Rfd8 21. Qxf5 Rxd1+ 22. Bxd1 gxf5 23. Nd4 Rc8 24. Rxc8+ Bxc8 25. b4 e5 26. bxa5 exd4 27. axb6 axb6 28. exd4 Kf8 29. f4 Ke7 30. Kf2 Be6 31. a3 Kd6 32. Ke3 Bd5 33. g3 Kc6 34. Bc2 Be6 35. Bd3 b5 36. Kd2 Kb6 37. Kc3 h6 38. Kb4 Bd7 39. h3 f6 40. h4 h5 41. d5 Be8 42. Bxf5 Bf7 43. Be6 Be8 44. d6 Bc6 45. d7 Kc7 46. Kc5 Bxd7 47. Bxd7 Kxd7 48. Kxb5 Ke6 49. a4 Kf5 50. a5 Kg4 51. a6 Kxg3 52. a7 Kxh4 53. a8Q Kg3 54. Qh1 h4 55. Kc5 1-0

[Event "Pic d'Anie op 3rd"]
[Site "Pic d'Anie"]
[Date "2006.08.07"]
[Round "1"]
[White "Sanchez, Joseph"]
[Black "Brochet, Thierry"]
[Result "1-0"]
[WhiteElo "2466"]
[BlackElo "1798"]
[PlyCount "77"]
[EventDate "2006.08.07"]
[EventType "swiss"]
[EventRounds "7"]
[EventCountry "FRA"]
[SourceTitle "CBM 113 Extra"]
[Source "ChessBase"]
[SourceDate "2006.09.14"]
[SourceVersion "1"]
[SourceVersionDate "2006.09.14"]
[SourceQuality "1"]

1. e4 c5 2. Nf3 d6 3. d4 cxd4 4. Nxd4 Nf6 5. Nc3 g6 6. Be3 Bg7 7. Qd2 0-0 8. f3 Nc6 9. Bc4 Bd7 10. 0-0-0 Qa5 11. Kb1 Rac8 12. Nb3 Qd8 13. h4 Ne5 14. Be2 Nc4 15. Bxc4 Rxc4 16. h5 Nxh5 17. g4 Nf6 18. e5 Nxg4 19. fxg4 Bxg4 20. Ne2 Bxe5 21. c3 h5 22. Rdf1 Qc8 23. Nbd4 b5 24. Nf4 b4 25. Nd5 Qb7 26. Nxb4 a5 27. Nd3 Rb8 28. Rhg1 a4 29. a3 Qc7 30. Ka1 Bg7 31. Nb4 Qc8 32. Bg5 e5 33. Ndc2 Bf8 34. Ne3 Re4 35. Nbd5 Qb7 36. Nf6+ Kh8 37. Nexg4 Rxg4 38. Rxg4 hxg4 39. Qh2+ 1-0